LEADER 01019nam0-22003371i-450- 001 990007883020403321 005 20080222130552.0 010 $a1-58391-1375 035 $a000788302 035 $aFED01000788302 035 $a(Aleph)000788302FED01 035 $a000788302 100 $a20040512d2002----km-y0itay50------ba 101 0 $aeng 102 $aGB 105 $ay-------001yy 200 1 $aPsychological Therapies with Older People$edeveloping treatments for effective practice$fedited by Jason Hepple, Jane Pearce and Philip Wilkinson 210 $aHove$cBrunner-Routledge$d2002 215 $aXV, 190 p.$d21 cm 610 0 $aPsicoterapia$aAnziani 676 $a618.97$v21$zita 702 1$aHepple,$bJason 702 1$aPearce,$bJane 702 1$aWilkinson,$bPhilip 801 0$aIT$bUNINA$gRICA$2UNIMARC 901 $aBK 912 $a990007883020403321 952 $aP.1 PCP 388$bBibl. 44153$fFLFBC 959 $aFLFBC 996 $aPsychological Therapies with Older People$9669220 997 $aUNINA LEADER 01024nam0-22003011i-450 001 990001758170403321 005 20190529131353.0 035 $a000175817 035 $aFED01000175817 035 $a(Aleph)000175817FED01 035 $a000175817 100 $a20030910d1966----km-y0itay50------ba 101 0 $ager 102 $aDE 200 1 $aEinflub verschiedener Plasmaersatzstoffe auf den Saure-, Basen und Elektrolythaushalt beim normovolamischenKaninchen$fWalter Steinbrunn 210 $aBerlin$c[s.n.]$d1966 215 $a13 p.$d23 cm 300 $aEstr. da: Zeitschrift fur gesamte experimentenne Medizin, 40,1966. 610 0 $aMedicina sperimentale 676 $a619 700 1$aSteinbrunn,$bWalter$076376 801 0$aIT$bUNINA$gRICA$2UNIMARC 901 $aLG 912 $a990001758170403321 952 $a60 OP. 71/44$b41541$fFAGBC 959 $aFAGBC 996 $aEinflub verschiedener Plasmaersatzstoffe auf den Saure-, Basen und Elektrolythaushalt beim normovolamischenKaninchen$9362960 997 $aUNINA